Vliv regionálních vlád na pozice států v Radě EU: Ústavně-právní perspektiva

Decentralizácia v členských štátoch ES/EÚ. Regionálne vlády pri tvorbe a obhajobe vládneho postoja v Rade EÚ. Regionálne vlády v komparatívnej perspektíve. Modely zapojenia vlád subštátnych jednotiek do formulácie postoja štátu. Modely zapojenia subštátnych jednotiek do reprezentácie vládneho stanov...

Descrizione completa

Salvato in:
Dettagli Bibliografici
Autore principale: Dvořák, Pavel
Altri autori: Pitrová, Markéta
Natura: Capitolo di libro
Lingua:ceco
Soggetti:
Tags: Aggiungi Tag
Nessun Tag, puoi essere il primo ad aggiungerne!!

MARC

LEADER 00000naa a2200000 4500
001 0222797
005 20231208080112.4
041 0 |a cze 
044 |a CZ 
245 1 0 |a Vliv regionálních vlád na pozice států v Radě EU: Ústavně-právní perspektiva  |c Pavel Dvořák, Markéta Pitrová 
520 |a Decentralizácia v členských štátoch ES/EÚ. Regionálne vlády pri tvorbe a obhajobe vládneho postoja v Rade EÚ. Regionálne vlády v komparatívnej perspektíve. Modely zapojenia vlád subštátnych jednotiek do formulácie postoja štátu. Modely zapojenia subštátnych jednotiek do reprezentácie vládneho stanoviska v Rade EÚ. 
610 2 0 |a Európska únia 
610 2 0 |a Rada Európskej únie 
610 2 0 |a spolupráca medzinárodná 
610 2 0 |a rozhodovanie 
610 2 0 |a regióny 
610 2 0 |a štát 
610 2 0 |a vláda 
610 2 0 |a autonómia 
610 2 0 |a decentralizácia 
610 2 0 |a integrácia 
100 1 |a Dvořák, Pavel 
700 1 |a Pitrová, Markéta